000 00281nam a22001337a 4500
003 SGT
020 _a97815-43343-28-1
100 _aSHARMA SHALINI
245 _aPHARMACEUTICS-I
250 _a1st
260 _aS. VIKash
_bPUNJAB
_c2019
650 _aPHARMACEUTICS
942 _2ddc
_cBK
999 _c24732
_d24732